Zobrazovač kľúčovej informácie pre Google Glass

Salvato in:
Dettagli Bibliografici
Autore principale: Čerman, Ondrej (Autore)
Altri autori: Kovárová, Alena (Relatore della tesi)
Natura: Manoscritto Libro
Lingua:slovacco
Pubblicazione: 2015
Soggetti:
Accesso online:http://is.stuba.sk/zp/portal_zp.pl?podrobnosti=97008
Tags: Aggiungi Tag
Nessun Tag, puoi essere il primo ad aggiungerne!!

MARC

LEADER 00000ntm a22000003a 4500
001 stuzp53495
003 SK-STU
005 20160719154507.6
007 ta
008 150427s2015----xo-----f-mn---000-0-slo-d
040 |a STU  |b slo 
041 0 |a slo 
044 |a xo 
100 1 |a Čerman, Ondrej  |u 070200  |4 aut  |U FIIT Fakulta informatiky a informačných technológií  |T FIIT Ústav informatiky a softvérového inžinierstva  |X 49446  |U I200  |Y 179  |7 49446 
242 0 1 |a Key information provider for Google Glass  |y eng 
245 1 0 |a Zobrazovač kľúčovej informácie pre Google Glass 
260 |c 2015 
300 |a 41 s.  |e CD-ROM 
650 4 |a Android  |2 slo 
650 4 |a Google Glass  |2 slo 
650 4 |a hlasové ovládanie  |2 slo 
650 4 |a návody  |2 slo 
650 4 |a Android  |2 eng 
650 4 |a Google Glass  |2 eng 
650 4 |a voice control  |2 eng 
650 4 |a instructions  |2 eng 
700 1 |a Kovárová, Alena  |4 ths  |X 38836  |7 38836 
856 4 |u http://is.stuba.sk/zp/portal_zp.pl?podrobnosti=97008 
996 |b 284IB00132  |c I* BAP121/15  |l II680  |s P  |a 0  |w stuzp53495_0001 
SQL |a stuzp53495  |b DBP  |c SLO  |d Zobrazovač kľúčovej informácie pre Google Glass  |e 49446  |f Čerman, Ondrej  |g 070200  |h 38836  |i Kovárová, Alena  |j 20150617  |k 202  |l 07  |m http://is.stuba.sk/zp/portal_zp.pl?podrobnosti=97008  |n B-INFO  |o 9.2.1. informatika